hockey trivia - Statistics

General Stats
  • This quiz has been taken 70 times
  • The average score is 4 of 8
Answer Stats
Hint Answer % Correct
How many times has Wayne Gretzky won the Hart trophy? 9
92%
What animal is tossed on the ice during a Detroit hockey game? octopus
81%
Who has the nickname of Super Mario? Mario Lemieux
80%
What is a Gordie Howe hat trick? goal assist fight
59%
Who are the Broad Street Bullies? Philadelphia Flyers
53%
Where did Cristobal Huet bring the Stanley Cup? Paris
9%
Who is Dipsy-Doodle-Dandy? Max Bentley
2%
Who is Keila Penner? Ottawa senators fan
2%
No matching quizzes found
Score Distribution
Percent of People with Each Score
Percentile by Number Answered
Your Score History
You have not taken this quiz